Introduction to differentiable manifolds /
Guardado en:
| Autor Principal: | |
|---|---|
| Otros Autores: | |
| Formato: | Libro |
| Idioma: | English |
| Publicado: |
New York :
McGraw-Hill,
c1963.
|
| Series: | McGraw-Hill series in higher mathematics
|
| Etiquetas: |
Agregar Etiqueta
Sin Etiquetas, Sea el primero en etiquetar este registro!
|
| LEADER | 00564nam a22001695a 4500 | ||
|---|---|---|---|
| 001 | MAT.inmabb001271 | ||
| 008 | 031121s1963####nyu###########000#0#eng#d | ||
| 005 | 20130228153415.0 | ||
| 245 | 1 | 0 | |a Introduction to differentiable manifolds / |c Louis Auslander, Robert E. MacKenzie. |
| 260 | |a New York : |b McGraw-Hill, |c c1963. | ||
| 300 | |a ix, 219 p. ; |c 24 cm. | ||
| 440 | 0 | |a McGraw-Hill series in higher mathematics | |
| 510 | 4 | |a MR, |c 28 #4462 | |
| 100 | 1 | |a Auslander, Louis. | |
| 700 | 1 | |a MacKenzie, Robert E. | |
| 084 | |a 53.40 (53.00) |2 MR | ||
| 859 | |h 53 |i Au932 |p A-1480 |b BIB. MATEMATICA | ||
